=LDR 00000nam 2200000 4500 =001 INLIS000000000001708 =005 20130612090115 =008 ***********************************Ind** =035 ##$$0010-061300000001708 =041 ##$$a Ind =082 ##$$a 530.076 =090 ##$$a 530.076, Sut g =100 ##$$a Sutarman =245 ##$$a Gita SMA giat dan trampil, lembar kegiatan siswa dan evaluasi (fisika), Drs.Sutarman, Drs.Suparma, Dra.Indri Ariyani =260 ##$$a [19-?] $b Solo =300 ##$$a 56 hlm., ilus., 23 cm =650 ##$$a Fisika =650 ##$$a Tes dan evaluasi =700 ##$$a Suparma 3.Ariyani, Indri =850 ##$$a NBPNMAT